| 000 | 00701cam a2200217 a 4500 | ||
|---|---|---|---|
| 001 | 11919116 | ||
| 005 | 20180227033300.0 | ||
| 008 | 000223s2001 njua 001 0 eng | ||
| 010 | _a 00026323 | ||
| 020 | _a0130873039 | ||
| 040 |
_aDLC _cDLC |
||
| 041 | _aeng | ||
| 080 | _a515 GOL | ||
| 082 | 0 | 0 |
_a515 GOL _221 |
| 100 | 1 | _a36 | |
| 101 | _aMAT | ||
| 245 | 1 | 0 |
_aBrief calculus and its applications / _cLarry J. Goldstein, David C. Lay, David I. Schneider. |
| 906 |
_a7 _bcbc _corignew _d1 _eocip _f20 _gy-gencatlg |
||
| 942 |
_2ddc _cBK |
||
| 999 |
_c43537 _d43537 |
||